[Event "Challenge"]
[Site "http://www.queenalice.com/game.php?id=892777"]
[Date "2011.1.29"]
[Round "-"]
[White "Maraz"]
[Black "MAUAXADREZ"]
[Result "0-1"]
[WhiteElo "1416"]
[BlackElo "1626"]

1. e4 e5 2. Qf3 Nc6 3. a3 Nd4 4. Qc3 d5 5. f3 dxe4 6. fxe4 Qh4+ 7. g3 Qxe4+ 8.
Ne2 Qxh1 9. Nxd4 exd4 10. Qxd4 Nf6 11. Nc3 Bh3 12. Ke2 Qxf1+ 13. Ke3 Ng4+ 14.
Ke4 Bg2# 0-1

[Event "AUTO-INT-2881"]
[Site "http://www.queenalice.com/game.php?id=1295156"]
[Date "2014.7.16"]
[Round "1"]
[White "zemari"]
[Black "MAUAXADREZ"]
[Result "1-0"]
[WhiteElo "1557"]
[BlackElo "1660"]

1. e4 e5 2. d4 Nc6 3. d5 Nb4 4. a3 Na6 5. Be3 Bc5 6. Qd2 Qe7 7. Bd3 d6 8. Qe2
Bxe3 9. Qxe3 Nf6 10. Nc3 Ng4 11. Qd2 Qf6 12. h3 Nh6 13. f3 Qh4+ 14. Kd1 Nc5 15.
Nb5 Kd7 16. Qe2 a6 17. Nc3 g5 18. Kd2 Kd8 19. Qf1 g4 20. Nge2 g3 21. Rd1 Qg5+
22. Ke1 b5 23. Nc1 Qe3+ 24. N1e2 Nxd3+ 25. cxd3 Rg8 26. Rd2 Rb8 27. Qg1 Qxg1+
28. Nxg1 b4 29. axb4 f5 30. Nge2 fxe4 31. dxe4 Rxb4 32. Rc2 a5 33. Nb1 Ba6 34.
Nbc3 a4 35. Kd2 Ke7 36. Ra1 1-0

[Event "AUTO-INT-2881"]
[Site "http://www.queenalice.com/game.php?id=1295164"]
[Date "2014.7.16"]
[Round "1"]
[White "Zodiac"]
[Black "MAUAXADREZ"]
[Result "0-1"]
[WhiteElo "1444"]
[BlackElo "1668"]

1. d4 d5 2. c4 Bf5 3. Nf3 Nc6 4. Qb3 Nf6 5. Qxb7 Na5 6. Qb5+ Nd7 7. Qxd5 c6 8.
Qxf5 e6 9. Qd3 Bb4+ 10. Nc3 O-O 11. Ng5 g6 0-1

[Event "AUTO-INT-2881"]
[Site "http://www.queenalice.com/game.php?id=1295165"]
[Date "2014.7.16"]
[Round "1"]
[White "MAUAXADREZ"]
[Black "Zodiac"]
[Result "1-0"]
[WhiteElo "1660"]
[BlackElo "1452"]

1. e4 c5 2. Nf3 d6 3. Nc3 Nf6 4. Bb5+ Nc6 5. O-O Bd7 6. Nd5 Nxe4 7. Bxc6 Bxc6 8.
c4 e6 9. Nf4 Be7 10. d3 Ng5 11. Nxg5 1-0

[Event "Challenge"]
[Site "http://www.queenalice.com/game.php?id=1304909"]
[Date "2014.8.29"]
[Round "-"]
[White "JORAM2205"]
[Black "MAUAXADREZ"]
[Result "1-0"]
[WhiteElo "1663"]
[BlackElo "1677"]

1. e4 e5 2. Nf3 Nc6 3. d3 Bc5 4. Qd2 Nf6 5. Nc3 Ng4 6. Nd1 O-O 7. a3 Nd4 8. Nxd4
Bxd4 9. h3 Qh4 10. g3 Bxf2+ 11. Nxf2 Qxg3 12. hxg4 d6 13. Bh3 Qh4 14. b4 Bxg4
15. Bb2 Rae8 16. Bxg4 Qg3 17. O-O-O Re6 18. Bxe6 fxe6 19. Nh3 Rf6 20. Rdg1 Qf3
21. Ng5 Qf4 22. Qxf4 exf4 23. Bxf6 1-0

[Event "AUTO-OPEN-3835"]
[Site "http://www.queenalice.com/game.php?id=1489990"]
[Date "2017.8.13"]
[Round "1"]
[White "ribeiroBR"]
[Black "MAUAXADREZ"]
[Result "1-0"]
[WhiteElo "2049"]
[BlackElo "1636"]

1. e4 e5 2. Nf3 Nc6 3. Bc4 Nf6 4. Nc3 Bc5 5. d3 O-O 6. O-O Ng4 7. h3 Nf6 8. Bg5
h6 9. Bh4 Be7 10. Bxf6 Bxf6 11. Nd5 a6 12. a3 Nd4 13. Nxf6+ Qxf6 14. Nxd4 exd4
15. Re1 Qf4 16. Qe2 d6 17. Rac1 Bxh3 18. gxh3 Qg5+ 19. Qg4 Rad8 20. Qxg5 Rde8
21. Qd2 Re5 22. Kh2 Rg5 23. Rg1 Rg6 24. Rxg6 Kh7 25. Rg3 f5 26. Rcg1 g5 27. f4
g4 28. hxg4 1-0

[Event "AUTO-OPEN-3835"]
[Site "http://www.queenalice.com/game.php?id=1489991"]
[Date "2017.8.13"]
[Round "1"]
[White "MAUAXADREZ"]
[Black "ribeiroBR"]
[Result "0-1"]
[WhiteElo "1634"]
[BlackElo "2051"]

1. e4 Nc6 2. Nf3 e5 3. Bc4 d6 4. O-O Nf6 5. d4 Be7 6. Bg5 Nxe4 7. Bxe7 Qxe7 8.
dxe5 Nxe5 9. Nxe5 dxe5 10. Bd5 Nf6 11. c4 c6 12. Bf3 O-O 13. Nc3 Re8 14. Re1 Nd7
15. Bh5 g6 16. Bf3 Nf6 17. Qd2 Bf5 18. Qh6 Qf8 19. Qh4 Qg7 20. Ne4 Nxe4 21. Bxe4
Bxe4 22. Rxe4 Re6 23. Rd1 g5 24. Qh5 f5 25. Re3 Rh6 26. Qe2 e4 27. Rd2 Qe5 0-1

[Event "AUTO-OPEN-3835"]
[Site "http://www.queenalice.com/game.php?id=1490018"]
[Date "2017.8.13"]
[Round "1"]
[White "jandamian"]
[Black "MAUAXADREZ"]
[Result "1-0"]
[WhiteElo "2600"]
[BlackElo "1640"]

1. e4 e5 2. Nf3 Nc6 3. Bc4 Nf6 4. d4 exd4 5. O-O Bd6 6. e5 Bxe5 7. Nxe5 Nxe5 8.
Re1 d6 9. f4 O-O 10. fxe5 dxe5 11. Rxe5 Qd6 12. Bf4 Qb4 13. Nd2 Bg4 14. Qf1 Qxb2
15. Rb5 Qxc2 16. Rc1 Qa4 17. Rxb7 Qc6 18. Bxf7+ Rxf7 19. Rxc6 Re7 20. Qc4+ Kh8
21. Rcxc7 Re1+ 22. Kf2 Rae8 23. Qxd4 R1e2+ 24. Kg3 Rxd2 25. Bxd2 1-0

[Event "AUTO-OPEN-3835"]
[Site "http://www.queenalice.com/game.php?id=1490019"]
[Date "2017.8.13"]
[Round "1"]
[White "MAUAXADREZ"]
[Black "jandamian"]
[Result "0-1"]
[WhiteElo "1638"]
[BlackElo "2582"]

1. e4 c5 2. Nf3 d6 3. Bc4 e6 4. O-O Nf6 5. Nc3 Be7 6. d4 cxd4 7. Nxd4 a6 8. Be3
b5 9. Bd3 Bb7 10. f3 O-O 11. a3 Nbd7 12. Nb3 Qc7 13. Bg5 Ne5 14. f4 Nc4 15. Bxc4
bxc4 16. Nd4 Nxe4 17. Nxe4 Bxe4 18. Qg4 Bxg5 19. fxg5 d5 20. Nxe6 Qb6+ 21. Kh1
Qxe6 22. Qh4 Rab8 23. g6 Qxg6 24. Rg1 Rxb2 25. Raf1 Rxc2 26. Rf4 Bxg2+ 27. Rxg2
Qxg2# 0-1

[Event "AUTO-OPEN-3835"]
[Site "http://www.queenalice.com/game.php?id=1490036"]
[Date "2017.8.13"]
[Round "1"]
[White "nuage"]
[Black "MAUAXADREZ"]
[Result "1-0"]
[WhiteElo "1768"]
[BlackElo "1621"]

1. Nf3 d5 2. d3 Nc6 3. g3 e5 4. Bg2 Bc5 5. O-O Nf6 6. Bg5 O-O 7. Nc3 d4 8. Ne4
Be7 9. Bxf6 Bxf6 10. a3 Be6 11. Nc5 b6 12. Nxe6 fxe6 13. b4 b5 14. Nd2 Qd7 15.
Nb3 Be7 16. Na5 Nxa5 17. bxa5 Rab8 18. Be4 Bg5 19. h4 Bh6 20. f3 b4 21. a4 1-0

[Event "AUTO-OPEN-3835"]
[Site "http://www.queenalice.com/game.php?id=1490037"]
[Date "2017.8.13"]
[Round "1"]
[White "MAUAXADREZ"]
[Black "nuage"]
[Result "0-1"]
[WhiteElo "1632"]
[BlackElo "1757"]

1. e4 e5 2. Nf3 Nc6 3. d4 Qf6 4. Nc3 Bb4 5. Bd2 exd4 6. Bg5 Qd6 7. Bd3 dxc3 8.
b3 f6 9. Bh4 Nge7 10. O-O O-O 11. Re1 Nd4 12. Nxd4 Qxd4 13. Kh1 Qe5 14. Bg3 Qg5
15. e5 f5 16. f4 Qg6 17. Be2 Nd5 18. Qxd5+ Kh8 19. Bc4 c6 20. Qd4 b5 0-1